[Event "Championnat de Paris Open Fide"]
[Site "Stade Charléty - 75013 Paris"]
[Date "2015.07.05"]
[Round "2.9"]
[White "Veys, Vincent"]
[Black "Micottis, Dorian"]
[Result "1/2-1/2"]
[WhiteElo "2375"]
[BlackElo "2235"]
[PlyCount "144"]
[EventDate "2015.??.??"]

1. e4 d5 2. Nc3 d4 3. Nce2 c5 4. Ng3 Nc6 5. Nf3 Qc7 6. Bc4 Nf6 7. O-O a6 8. a4
e6 9. d3 Bd6 10. Qe2 O-O 11. Bd2 b6 12. Bb3 Bb7 13. Rae1 Nd7 14. Ng5 Bf4 15.
Bxf4 Qxf4 16. Nxe6 fxe6 17. Bxe6+ Rf7 18. Nh5 Qh4 19. Bxf7+ Kxf7 20. f4 Nf6 21.
Nxf6 Qxf6 22. Qh5+ Qg6 23. Qh3 Kg8 24. e5 Nb4 25. f5 Qxg2+ 26. Qxg2 Bxg2 27.
Kxg2 Nxc2 28. Re2 Ne3+ 29. Rxe3 dxe3 30. Kf3 Rd8 31. Kxe3 Rd5 32. e6 Kf8 33. a5
bxa5 34. Rf3 Ke7 35. Ke4 Kd6 36. Rg3 Rd4+ 37. Ke3 g6 38. fxg6 hxg6 39. Rxg6 Rb4
40. Rg2 Kxe6 41. h3 Kd5 42. Rh2 Rh4 43. Kf3 Kd4 44. Kg3 Rh8 45. h4 Kxd3 46. Kg4
a4 47. h5 Ra8 48. Kf5 c4 49. Ke5 Rh8 50. Kd5 c3 51. bxc3 Kxc3 52. Rh3+ Kb4 53.
Rh4+ Kb5 54. Kd4 Rc8 55. Rh2 a3 56. h6 Kb4 57. h7 Rh8 58. Kd3 a5 59. Kd4 a2 60.
Rxa2 Rxh7 61. Rb2+ Ka3 62. Rb8 Rc7 63. Kd3 a4 64. Rb6 Ka2 65. Kd2 a3 66. Rb8
Ka1 67. Rb6 a2 68. Rb8 Rh7 69. Kc2 Rh2+ 70. Kc3 Rh1 71. Kc2 Rb1 72. Rg8 Rb2+
1/2-1/2

[Event "Championnat de Paris Open Fide"]
[Site "Stade Charléty - 75013 Paris"]
[Date "2015.07.05"]
[Round "2.10"]
[White "Van Dongen, Patrick"]
[Black "Picard, Romain"]
[Result "1-0"]
[WhiteElo "2307"]
[BlackElo "2350"]
[PlyCount "55"]
[EventDate "2015.??.??"]

1. e4 e5 2. Nf3 d6 3. d4 exd4 4. Qxd4 Nf6 5. Nc3 Be7 6. Bg5 O-O 7. O-O-O Nc6 8.
Qd2 Be6 9. Bd3 Nb4 10. Nd4 Nxd3+ 11. Qxd3 Nd7 12. Be3 Nc5 13. Qe2 Bd7 14. f4
Re8 15. Qf3 Bf6 16. Rhe1 Qc8 17. h3 c6 18. g4 b5 19. g5 Be7 20. Nce2 Bf8 21.
Ng3 a5 22. f5 b4 23. h4 a4 24. h5 b3 25. cxb3 axb3 26. a3 Ra4 27. g6 Qa6 28.
Kb1 {suite illisible} 1-0

[Event "Championnat de Paris Open Fide"]
[Site "Stade Charléty - 75013 Paris"]
[Date "2015.07.05"]
[Round "2.11"]
[White "Valles, Manuel"]
[Black "Gantner, Ludovic"]
[Result "1-0"]
[WhiteElo "2350"]
[BlackElo "2213"]
[PlyCount "65"]
[EventDate "2015.??.??"]

1. Nf3 Nf6 2. g3 g6 3. b3 Bg7 4. Bb2 O-O 5. Bg2 d6 6. d4 e5 7. dxe5 Ng4 8. Qc1
Nxe5 9. Nxe5 dxe5 10. Nd2 c6 11. O-O Bg4 12. h3 Bf5 13. Nc4 Qc7 14. Qe3 Nd7 15.
Ba3 c5 16. Rad1 Rab8 17. Rd2 b5 18. Nd6 Be6 19. Rfd1 Qa5 20. Bb2 Qxa2 21. Bc3
Qa6 22. Ra1 Qb6 23. Ba5 Qa6 24. Bc3 Qb6 25. Ba5 Qa6 26. Rdd1 Rb6 27. Bxb6 Qxb6
28. b4 cxb4 29. Qxb6 axb6 30. Bd5 Bxh3 31. Ra7 Bf6 32. Kh2 Bf5 33. Nxf5 1-0

[Event "Championnat de Paris Open Fide"]
[Site "Stade Charléty - 75013 Paris"]
[Date "2015.07.05"]
[Round "2.12"]
[White "Philippe, Guillaume"]
[Black "Mouhamad, Joachin"]
[Result "0-1"]
[WhiteElo "2309"]
[BlackElo "2207"]
[PlyCount "66"]
[EventDate "2015.??.??"]

1. e4 c5 2. Nf3 Nc6 3. Bb5 d6 4. O-O Bd7 5. Re1 Nd4 6. Bxd7+ Qxd7 7. c3 Nxf3+
8. Qxf3 Nf6 9. d4 e6 10. d5 e5 11. Bg5 Ng8 12. Nd2 Be7 13. Be3 Nf6 14. Reb1 O-O
15. b4 cxb4 16. Rxb4 b6 17. a4 Rfc8 18. c4 Bd8 19. Qe2 Ne8 20. Nb3 Rab8 21. f3
g6 22. a5 Rb7 23. axb6 Bxb6 24. Bxb6 Rxb6 25. Rxb6 axb6 26. Nd2 Qc7 27. Rb1 Nf6
28. Rb5 Nd7 29. Qe3 Kg7 30. Qa3 Rf8 31. h3 h5 32. Kf2 Nc5 33. Nb1 Qd8 {suite
illisible} 0-1

[Event "Championnat de Paris Open Fide"]
[Site "Stade Charléty - 75013 Paris"]
[Date "2015.07.05"]
[Round "2.13"]
[White "Beshukov, Sergei"]
[Black "Louis, Thibault"]
[Result "0-1"]
[WhiteElo "2398"]
[BlackElo "2250"]
[PlyCount "76"]
[EventDate "2015.??.??"]

1. Nf3 d5 2. g3 g6 3. Bg2 Bg7 4. d4 Nf6 5. O-O O-O 6. Be3 Ne4 7. Qc1 Bg4 8. h3
Bxf3 9. Bxf3 c5 10. dxc5 Nc6 11. c3 f5 12. Rd1 e5 13. Nd2 Qf6 14. Bg2 f4 15.
gxf4 exf4 16. Bd4 Qh4 17. Nxe4 Nxd4 18. cxd4 dxe4 19. Bxe4 f3 20. Bxf3 Rf5 21.
Qe3 Raf8 22. Rd3 Kh8 23. Rf1 Bh6 24. Qe4 Rf4 25. Qe6 Bg7 26. d5 g5 27. c6 g4
28. hxg4 R4f6 29. Qe7 h5 30. cxb7 hxg4 31. Bg2 Qh5 32. Rb3 R6f7 33. Qxf8+ Rxf8
34. b8=Q Rxb8 35. Rxb8+ Kh7 36. Be4+ Kh6 37. Kg2 Qh3+ 38. Kg1 Be5 0-1

[Event "Championnat de Paris Open Fide"]
[Site "Stade Charléty - 75013 Paris"]
[Date "2015.07.05"]
[Round "2.14"]
[White "Samoun, Florent"]
[Black "Dionisi, Thomas"]
[Result "1-0"]
[WhiteElo "2244"]
[BlackElo "2387"]
[PlyCount "55"]
[EventDate "2015.??.??"]

1. Nf3 g6 2. d4 Bg7 3. e4 c6 4. Nc3 d5 5. Bf4 Bg4 6. exd5 cxd5 7. h3 Bxf3 8.
Qxf3 Nc6 9. O-O-O Nf6 10. g4 Rc8 11. h4 Qa5 12. a3 h5 13. gxh5 Nxh5 14. Be3 e6
15. Bh3 Ne7 16. Bg5 Qc7 17. Rhe1 Bh6 18. Re5 Bxg5+ 19. hxg5 O-O 20. Bg4 Nc6 21.
Re3 Nf4 22. Kb1 Kg7 23. Ne2 Ne5 24. dxe5 Qxc2+ 25. Ka2 Qxd1 26. Qxf4 Rh8 27.
Bxe6 Rhf8 28. Qf6+ 1-0

[Event "Championnat de Paris Open Fide"]
[Site "Stade Charléty - 75013 Paris"]
[Date "2015.07.05"]
[Round "2.15"]
[White "Glicenstein, Asher"]
[Black "Aranovitch, Emiliano"]
[Result "0-1"]
[WhiteElo "2213"]
[BlackElo "2347"]
[PlyCount "44"]
[EventDate "2015.??.??"]

1. d4 Nf6 2. c4 e6 3. Nc3 Bb4 4. e3 O-O 5. Nge2 d5 6. a3 Bd6 7. Ng3 c6 8. f4 c5
9. dxc5 Bxc5 10. b4 Be7 11. Bb2 a5 12. b5 Qb6 13. Qf3 a4 14. Bd3 Nbd7 15. e4
Nc5 16. cxd5 exd5 17. Bc2 d4 18. Nd5 Nxd5 19. exd5 Qa5+ 20. Kd1 Qxb5 21. Bxd4
Nb3 22. Qe4 g6 {Suite illisible} 0-1

[Event "Championnat de Paris Open Fide"]
[Site "Stade Charléty - 75013 Paris"]
[Date "2015.07.05"]
[Round "2.16"]
[White "Pruvot, Louis"]
[Black "Sochacki, Wojtek"]
[Result "1/2-1/2"]
[WhiteElo "2213"]
[BlackElo "2302"]
[PlyCount "155"]
[EventDate "2015.??.??"]

1. d4 d5 2. c4 e6 3. Nf3 Nf6 4. Bg5 dxc4 5. Qa4+ Nbd7 6. e3 h6 7. Bxf6 Qxf6 8.
Bxc4 Qg6 9. O-O c6 10. Qd1 Bd6 11. Nc3 e5 12. Bd3 Qe6 13. Ne4 Bc7 14. dxe5 Nxe5
15. Nd4 Qe7 16. Bc2 Bg4 17. Qe1 Rd8 18. f4 Nc4 19. Qc3 Nxe3 20. Nxc6 bxc6 21.
Qxg7 Kd7 22. Qd4+ Nd5 23. Qxa7 Ra8 24. Nc5+ Qxc5+ 25. Qxc5 Bb6 26. Qxb6 Nxb6
27. f5 Be2 28. Rf4 Nd5 29. Re4 Rhe8 30. Kf2 Rxe4 31. Bxe4 Bc4 32. a3 Rb8 33. b4
Ra8 34. Bxd5 cxd5 35. Ke3 Kc6 36. a4 Kd6 37. Kd4 Bb5 38. a5 Ba6 39. Rb1 Bc4 40.
b5 Rxa5 41. b6 Ra8 42. b7 Rb8 43. Rb6+ Kc7 44. Rxh6 Rxb7 45. g4 Ba2 46. Ra6
Rb4+ 47. Kc3 Rb3+ 48. Kd4 Rb4+ 49. Kc3 Rxg4 50. Rxa2 Kd6 51. Ra7 f6 52. Rh7 Ke5
53. h4 Rg3+ 54. Kd2 Kxf5 55. h5 Ke4 56. h6 Rg2+ 57. Ke1 Ra2 58. Re7+ Kf4 59.
Rd7 Ke5 60. Re7+ Kd4 61. Re8 Rh2 62. Rh8 Ke5 63. h7 Kf4 64. Rd8 Rxh7 65. Rxd5
Ke3 66. Kf1 Rh1+ 67. Kg2 Rh4 68. Ra5 Rg4+ 69. Kf1 Rd4 70. Ra3+ Rd3 71. Ra5 Rd1+
72. Kg2 Rd2+ 73. Kf1 Ke4 74. Ra3 f5 75. Ke1 Rd3 76. Rxd3 Kxd3 77. Kf2 Kd4 78.
Kf3 1/2-1/2

[Event "Championnat de Paris Open Fide"]
[Site "Stade Charléty - 75013 Paris"]
[Date "2015.07.05"]
[Round "2.17"]
[White "Alfred, Nathan"]
[Black "Formento, Paolo"]
[Result "1-0"]
[WhiteElo "2276"]
[BlackElo "2246"]
[PlyCount "97"]
[EventDate "2015.??.??"]

1. d4 Nf6 2. Nf3 e6 3. g3 b6 4. Bg2 Bb7 5. O-O c5 6. c3 Be7 7. Re1 O-O 8. Nbd2
cxd4 9. cxd4 Nc6 10. Ne5 Qc7 11. Nxc6 Bxc6 12. e4 d5 13. e5 Nd7 14. Nf1 Rac8
15. Qg4 Rfe8 16. Bh6 Bf8 17. Rac1 Qb7 18. Ne3 Kh8 19. Bg5 Bb5 20. Qh5 Kg8 21.
Rcd1 Qa6 22. Nxd5 exd5 23. Bxd5 Re6 24. Bxe6 fxe6 25. Re3 Bc6 26. Rc1 Qxa2 27.
b3 Qa5 28. Rxc6 Rxc6 29. Rf3 g6 30. Qg4 Bg7 31. Qf4 Rc8 32. Qf7+ Kh8 33. Qxd7
Qe1+ 34. Kg2 Rg8 35. Qxe6 Qe4 36. Bf6 g5 37. Bxg5 Rf8 38. Bf4 Qxd4 39. Qc4 Qxc4
40. bxc4 Rc8 41. Rd3 h5 42. Rd7 a5 43. e6 Kg8 44. Rd6 a4 45. Rxb6 a3 46. Ra6
Re8 47. Rxa3 Rxe6 48. h4 Kh7 49. Ra5 1-0

[Event "Championnat de Paris Open Fide"]
[Site "Stade Charléty - 75013 Paris"]
[Date "2015.07.05"]
[Round "2.18"]
[White "Eden, James"]
[Black "Rabeyrin, Jean Jacques"]
[Result "1-0"]
[WhiteElo "2272"]
[BlackElo "2219"]
[PlyCount "83"]
[EventDate "2015.??.??"]

1. e4 c5 2. c3 Nf6 3. e5 Nd5 4. d4 cxd4 5. Nf3 e6 6. cxd4 d6 7. Bc4 Be7 8. O-O
O-O 9. Qe2 b6 10. Qe4 Bb7 11. Qg4 Kh8 12. Nbd2 dxe5 13. dxe5 Nd7 14. Ne4 f5 15.
exf6 N5xf6 16. Nxf6 Rxf6 17. Ng5 Ne5 18. Qh4 Rh6 19. Qg3 Rg6 20. Qxe5 Bxg5 21.
g3 Qf8 22. Be2 Be7 23. Be3 Bd5 24. Qh5 Bc5 25. Bd3 Bf3 26. Qh4 Be7 27. Qf4 Rf6
28. Qa4 Bd5 29. Be4 Bc5 30. Bxd5 exd5 31. Bd4 Rf7 32. Rad1 Qd6 33. Rfe1 Raf8
34. Re2 h6 35. Rde1 b5 36. Qd1 Bb4 37. Re6 Qd7 38. Rxh6+ Kg8 39. Ree6 gxh6 40.
Rg6+ Kh7 41. Qh5 Bd2 42. f4 1-0

[Event "Championnat de Paris Open Fide"]
[Site "Stade Charléty - 75013 Paris"]
[Date "2015.07.06"]
[Round "3.1"]
[White "Shchekachev, Andrei"]
[Black "Sethuraman, SP."]
[Result "0-1"]
[WhiteElo "2552"]
[BlackElo "2623"]
[PlyCount "66"]
[EventDate "2015.??.??"]

1. Nf3 Nf6 2. g3 d5 3. Bg2 c5 4. O-O e6 5. c4 d4 6. e3 Nc6 7. exd4 cxd4 8. d3
Be7 9. Bf4 Nd7 10. Re1 Nc5 11. Na3 f6 12. Nb5 O-O 13. Nc7 e5 14. Nxa8 exf4 15.
a3 Bg4 16. b4 Nd7 17. h3 Bh5 18. Qe2 fxg3 19. fxg3 Nde5 20. g4 Bg6 21. b5 Bxd3
22. Qd1 Nxf3+ 23. Qxf3 Ne5 24. Qd5+ Kh8 25. Qxd8 Rxd8 26. Bxb7 Bxc4 27. a4 d3
28. Kg2 d2 29. Red1 Bb3 30. Kf1 Nc4 31. Ke2 Bb4 32. Bc6 Nb2 33. Nc7 Nxd1 0-1

[Event "Championnat de Paris Open Fide"]
[Site "Stade Charléty - 75013 Paris"]
[Date "2015.07.06"]
[Round "3.2"]
[White "Basso, Pier Luigi"]
[Black "Renet, Olivier"]
[Result "1/2-1/2"]
[WhiteElo "2439"]
[BlackElo "2512"]
[PlyCount "47"]
[EventDate "2015.??.??"]

1. d4 Nf6 2. Nf3 e6 3. c4 b6 4. g3 Ba6 5. b3 Bb4+ 6. Bd2 Be7 7. Bg2 c6 8. Bc3
d5 9. Ne5 Nfd7 10. Nxd7 Nxd7 11. Nd2 O-O 12. O-O f5 13. Qc2 Bd6 14. Bb2 Qe7 15.
Nf3 Rac8 16. Rfd1 Rfd8 17. Ne1 Nf6 18. Nd3 Ne4 19. f3 Nf6 20. c5 Bb8 21. Nb4
Bb7 22. Nd3 Ba6 23. Nb4 Bb7 24. Nd3 1/2-1/2

[Event "Championnat de Paris Open Fide"]
[Site "Stade Charléty - 75013 Paris"]
[Date "2015.07.06"]
[Round "3.3"]
[White "Wirig, Anthony"]
[Black "Van Dongen, Patrick"]
[Result "1-0"]
[WhiteElo "2511"]
[BlackElo "2304"]
[PlyCount "35"]
[EventDate "2015.??.??"]

1. b3 e5 2. Bb2 d6 3. e3 Nf6 4. d4 Nbd7 5. dxe5 dxe5 6. Nd2 Bc5 7. a3 O-O 8. g4
a5 9. g5 Ne8 10. Ne4 Qe7 11. Nf3 Bb6 12. Bc4 Nd6 13. Nxd6 cxd6 14. Rg1 Kh8 15.
Nh4 Nc5 16. Qh5 g6 17. Qh6 Kg8 18. Nxg6 1-0

[Event "Championnat de Paris Open Fide"]
[Site "Stade Charléty - 75013 Paris"]
[Date "2015.07.06"]
[Round "3.4"]
[White "Le Ruyet, Leopold"]
[Black "Battaglini, Gabriel"]
[Result "0-1"]
[WhiteElo "2238"]
[BlackElo "2449"]
[PlyCount "148"]
[EventDate "2015.??.??"]

1. e4 e6 2. d4 d5 3. Nd2 c5 4. exd5 Qxd5 5. Ngf3 cxd4 6. Bc4 Qd7 7. O-O Nf6 8.
Nb3 Nc6 9. Nbxd4 a6 10. a4 Nxd4 11. Qxd4 Qxd4 12. Nxd4 Bd7 13. Be2 e5 14. Nf3
Bd6 15. Rd1 Bc7 16. Be3 O-O 17. Bc5 Rfe8 18. a5 Rac8 19. Nd2 Bf5 20. c4 Red8
21. Bb4 Bc2 22. Re1 e4 23. Bc3 Bf4 24. Nf1 Bb3 25. Bd1 Bxc4 26. Bxf6 gxf6 27.
Bg4 Rc7 28. Rxe4 Be5 29. Rc1 Bd3 30. Ree1 Rxc1 31. Rxc1 Bxb2 32. Rd1 Rd4 33.
Bf3 Bb5 34. Rb1 Bc3 35. Bxb7 Bxa5 36. Ne3 Rd7 37. Be4 Re7 38. Nd5 Re6 39. f3 h5
40. Kf2 Kg7 41. g4 hxg4 42. Rg1 f5 43. Bxf5 Re2+ 44. Kg3 Bc6 45. Nf4 gxf3 46.
Nxe2 fxe2 47. Kf2+ Kf6 48. Kxe2 Kxf5 49. h4 Bd8 50. h5 Bg5 51. Kd3 a5 52. Rf1+
Ke6 53. Re1+ Kd5 54. Rg1 f6 55. Rh1 Ke6 56. Rh3 Bh6 57. Kd4 Be8 58. Rh1 Kf5 59.
Rf1+ Kg5 60. Re1 Bxh5 61. Ra1 f5 62. Rxa5 Kf4 63. Kd3 Bf3 64. Kd2 Kg3+ 65. Ke1
Be4 66. Ra6 Be3 67. Rg6+ Kf3 68. Rg8 Bc5 69. Rc8 Bb4+ 70. Kf1 Bd3+ 71. Kg1 Bd2
72. Ra8 f4 73. Ra3 Ke2 74. Ra1 f3 0-1

[Event "Championnat de Paris Open Fide"]
[Site "Stade Charléty - 75013 Paris"]
[Date "2015.07.06"]
[Round "3.5"]
[White "O'Sullivan, Thomas"]
[Black "Legky, Nikolay A"]
[Result "1-0"]
[WhiteElo "2227"]
[BlackElo "2420"]
[PlyCount "59"]
[EventDate "2015.??.??"]

1. d4 d5 2. c4 Bf5 3. cxd5 Bxb1 4. Rxb1 Qxd5 5. e3 e5 6. dxe5 Bb4+ 7. Bd2 Bxd2+
8. Qxd2 Qxe5 9. Qb4 b6 10. Nf3 Qe7 11. Qg4 Nf6 12. Bb5+ Nbd7 13. Bxd7+ Nxd7 14.
Qxg7 O-O-O 15. O-O Rhg8 16. Qxh7 Rg6 17. Qh4 Nf6 18. Nd4 Rg4 19. Qh3 Qd7 20.
Qf3 Ne4 21. Rfd1 Rdg8 22. g3 Kb8 23. Rbc1 c5 24. Qf5 Qe8 25. Qe5+ Qxe5 26. Nc6+
Kc7 27. Nxe5 R4g5 28. f4 Rh5 29. Rd7+ Kc8 30. Rxa7 1-0

[Event "Championnat de Paris Open Fide"]
[Site "Stade Charléty - 75013 Paris"]
[Date "2015.07.06"]
[Round "3.6"]
[White "Roser, Kevin"]
[Black "Onkoud, Abdelaziz"]
[Result "1-0"]
[WhiteElo "2403"]
[BlackElo "2308"]
[PlyCount "147"]
[EventDate "2015.??.??"]

1. e4 e5 2. Nf3 d6 3. d4 Nd7 4. Bc4 Be7 5. dxe5 Nxe5 6. Nxe5 dxe5 7. Qh5 g6 8.
Qxe5 Nf6 9. Bh6 Rg8 10. Bg5 Ng4 11. Qf4 Rf8 12. Bxe7 Qxe7 13. Nc3 c6 14. O-O-O
Ne5 15. Bb3 Bd7 16. Qe3 b6 17. f4 Ng4 18. Qf3 O-O-O 19. h3 Nh6 20. g4 f6 21.
Rhe1 Nf7 22. Qg3 Be6 23. Nd5 Bxd5 24. exd5 Qc7 25. Re6 Rd6 26. Rxd6 Nxd6 27.
dxc6 Qxc6 28. Be6+ Kb8 29. f5 Rd8 30. Qh4 Nb7 31. Qg3+ Qc7 32. Rxd8+ Nxd8 33.
Qxc7+ Kxc7 34. fxg6 hxg6 35. Bd5 Kd6 36. c4 Ke5 37. Kd2 Kf4 38. Ke2 Kg3 39. Ke3
f5 40. gxf5 gxf5 41. b4 f4+ 42. Ke2 f3+ 43. Bxf3 Nf7 44. Bd5 Nd6 45. Be6 Kf4
46. Kd3 Ke5 47. Bd7 Ne4 48. Bg4 a5 49. a3 axb4 50. axb4 Nf2+ 51. Ke3 Ne4 52. h4
Nd6 53. Kd3 Ne4 54. Bf3 Ng3 55. h5 Nf5 56. Bd1 Nh6 57. Bf3 Nf5 58. Be4 Nh6 59.
Bg6 Ng4 60. Kc3 Nh6 61. Bd3 Nf7 62. Be2 Nh6 63. Kb3 Nf5 64. Bg4 Nh6 65. Bh3 Nf7
66. Bf1 Kf6 67. Be2 Nd6 68. Bd3 Nf7 69. Ka4 Nd6 70. h6 Kf7 71. Kb3 Ne8 72. Kc3
Nc7 73. Kd4 Na6 74. b5 1-0

[Event "Championnat de Paris Open Fide"]
[Site "Stade Charléty - 75013 Paris"]
[Date "2015.07.06"]
[Round "3.7"]
[White "Mouhamad, Joachin"]
[Black "Valles, Manuel"]
[Result "1-0"]
[WhiteElo "2207"]
[BlackElo "2350"]
[PlyCount "59"]
[EventDate "2015.??.??"]

1. e4 c5 2. Nf3 g6 3. d4 cxd4 4. Nxd4 Nc6 5. Nc3 Bg7 6. Be3 Nf6 7. Bc4 Qa5 8.
O-O O-O 9. Nb3 Qc7 10. Re1 a6 11. Bf1 e6 12. Bc5 Ne8 13. Bxf8 Kxf8 14. a4 b6
15. Qd2 Bb7 16. Rad1 d6 17. Rb1 Rc8 18. Bd3 Ne5 19. Qe2 Nc4 20. Nd1 Nf6 21. Nd2
b5 22. axb5 axb5 23. Bxc4 bxc4 24. Nc3 Nh5 25. Nf3 Nf4 26. Qd2 Bh6 27. Kf1 Kg7
28. Nb5 Qd7 29. Nxd6 e5 30. Nf5+ 1-0

[Event "Championnat de Paris Open Fide"]
[Site "Stade Charléty - 75013 Paris"]
[Date "2015.07.06"]
[Round "3.8"]
[White "Eden, James"]
[Black "Veys, Vincent"]
[Result "1-0"]
[WhiteElo "2272"]
[BlackElo "2375"]
[PlyCount "87"]
[EventDate "2015.??.??"]

1. e4 e5 2. Nf3 Nc6 3. Nc3 Nf6 4. d4 exd4 5. Nxd4 Bb4 6. Nxc6 bxc6 7. Bd3 d5 8.
exd5 cxd5 9. O-O O-O 10. h3 c6 11. Qf3 Be6 12. Bf4 Bd6 13. Ne2 Rb8 14. b3 Rb7
15. Rad1 Re8 16. Nd4 c5 17. Nf5 Bxf5 18. Bxf5 Bxf4 19. Qxf4 Qa5 20. g4 Rbe7 21.
g5 Ne4 22. Rfe1 g6 23. Bxe4 dxe4 24. Qe3 Qb6 25. Rd5 Re5 26. Red1 Qe6 27. c4
Qf5 28. Kf1 Kg7 29. Ke2 R8e7 30. R1d2 f6 31. gxf6+ Qxf6 32. Kd1 Rf5 33. Rxc5
Qa1+ 34. Ke2 Qh1 35. Rxf5 gxf5 36. Qg5+ Kf7 37. Qxf5+ Kg7 38. Rd6 Qa1 39. Qg5+
Kf7 40. Qh5+ Kf8 41. Rd8+ Kg7 42. Qg5+ Kf7 43. Qg8+ Kf6 44. Rf8+ 1-0

[Event "Championnat de Paris Open Fide"]
[Site "Stade Charléty - 75013 Paris"]
[Date "2015.07.06"]
[Round "3.9"]
[White "Aranovitch, Emiliano"]
[Black "Samoun, Florent"]
[Result "1-0"]
[WhiteElo "2347"]
[BlackElo "2244"]
[PlyCount "183"]
[EventDate "2015.??.??"]

1. e4 c6 2. Nf3 g6 3. d4 Bg7 4. c3 d6 5. Bc4 Nf6 6. Nbd2 O-O 7. Bb3 Qc7 8. O-O
e5 9. Re1 Nbd7 10. dxe5 Nxe5 11. Nxe5 dxe5 12. Nc4 Be6 13. Qd6 Qxd6 14. Nxd6 b6
15. Bxe6 fxe6 16. Nc4 Rad8 17. f3 Nh5 18. Bg5 Rd7 19. Red1 Rff7 20. Nd6 Rf8 21.
Nc4 Rff7 22. a4 Nf4 23. Bh4 h6 24. Rab1 g5 25. Bf2 h5 26. Be3 g4 27. fxg4 hxg4
28. g3 Ng6 29. Kg2 Nf8 30. Bg5 Rxd1 31. Rxd1 Rd7 32. Rxd7 Nxd7 33. b4 Kf7 34.
Kf2 Kg6 35. Bd8 b5 36. axb5 cxb5 37. Ne3 Kh5 38. Ke2 Bh6 39. Nc2 Kg6 40. Kd3
Kf7 41. Bc7 Ke7 42. Na3 a6 43. c4 bxc4+ 44. Nxc4 Kf6 45. Kc2 Bf8 46. Kb3 Ke7
47. Bxe5 Kd8 48. Bd4 Bh6 49. Ka4 Kc7 50. Kb3 Kc6 51. Nb2 e5 52. Bc3 Be3 53. Nc4
Bd4 54. Kc2 Kb5 55. Kd3 Bxc3 56. Kxc3 Nf6 57. Nd2 a5 58. bxa5 Kxa5 59. Nc4+ Kb5
60. Nxe5 Nxe4+ 61. Kd4 Nf6 62. Ke3 Kc5 63. Kf4 Kd6 64. Nxg4 Nd5+ 65. Kf5 Ke7
66. Ke5 Nc3 67. Ne3 Kf7 68. g4 Kg6 69. h4 Ne2 70. Nd5 Ng1 71. Nf4+ Kg7 72. Ne6+
Kg6 73. Nd4 Nh3 74. Ne2 Nf2 75. Nf4+ Kg7 76. g5 Ng4+ 77. Ke6 Nh2 78. Kf5 Nf3
79. h5 Nd4+ 80. Kg4 Kg8 81. Ng6 Kg7 82. Ne5 Kh7 83. Nf3 Ne6 84. Nh4 Nd4 85. Nf5
Ne6 86. Ng3 Nd4 87. g6+ Kg8 88. h6 Nc6 89. Nf5 Kh8 90. Kg5 Ne7 91. Nd6 Kg8 92.
Nf7 1-0

[Event "Championnat de Paris Open Fide"]
[Site "Stade Charléty - 75013 Paris"]
[Date "2015.07.06"]
[Round "3.10"]
[White "Louis, Thibault"]
[Black "Nguyen Chi Minh"]
[Result "0-1"]
[WhiteElo "2250"]
[BlackElo "2343"]
[PlyCount "128"]
[EventDate "2015.??.??"]

1. e4 e6 2. d4 d5 3. Nc3 Nc6 4. Nf3 Nf6 5. e5 Ne4 6. Ne2 f6 7. Ng3 Bd7 8. Bd3
fxe5 9. dxe5 Nc5 10. Bg5 Nxd3+ 11. Qxd3 Nxe5 12. Nxe5 Qxg5 13. Nxd7 Kxd7 14.
Qb5+ Kd8 15. O-O Bd6 16. c4 Kc8 17. Rfe1 c6 18. Qb3 Qf6 19. Rac1 Rf8 20. cxd5
exd5 21. Re2 Kc7 22. Qxd5 Bf4 23. Rcc2 Rad8 24. Qe4 Rd7 25. Nf1 g6 26. g3 Bd6
27. Ne3 Kb8 28. Ng4 Qf5 29. Rcd2 Qxe4 30. Rxe4 Kc7 31. Red4 Rff7 32. Kg2 c5 33.
Rd5 b5 34. f4 a6 35. Kf3 c4 36. a4 c3 37. Rc2 Bb4 38. Ne3 bxa4 39. bxc3 Bf8 40.
c4 a3 41. c5 Rxd5 42. Nxd5+ Kc6 43. Nb4+ Kb5 44. Nd3 Rc7 45. Rc3 Bxc5 46. Nxc5
Rxc5 47. Rxa3 a5 48. Rb3+ Kc4 49. Rb7 a4 50. Rxh7 a3 51. Ra7 Kb3 52. g4 a2 53.
h4 Rc3+ 54. Ke4 Rc4+ 55. Ke5 Ra4 56. Rxa4 Kxa4 57. Kf6 a1=Q+ 58. Kxg6 Kb5 59.
f5 Kc6 60. g5 Kd7 61. h5 Qh8 62. f6 Qg8+ 63. Kh6 Ke6 64. g6 Kxf6 0-1

[Event "Championnat de Paris Open Fide"]
[Site "Stade Charléty - 75013 Paris"]
[Date "2015.07.06"]
[Round "3.11"]
[White "Payen, Arnaud"]
[Black "Maleki, Manuel"]
[Result "0-1"]
[WhiteElo "2329"]
[BlackElo "2235"]
[PlyCount "56"]
[EventDate "2015.??.??"]

1. c4 Nf6 2. Nc3 e6 3. Nf3 c5 4. g3 b6 5. Bg2 Bb7 6. O-O a6 7. b3 Be7 8. d4
cxd4 9. Qxd4 d6 10. Rd1 Nbd7 11. e4 Qc7 12. Ba3 Nc5 13. e5 dxe5 14. Qxe5 Rc8
15. Qxc7 Rxc7 16. Ne5 Bxg2 17. Kxg2 h5 18. h3 g5 19. Rac1 Rh6 20. Bxc5 Rxc5 21.
f4 gxf4 22. gxf4 Rc7 23. Na4 Rb7 24. Kf3 h4 25. f5 Rh5 26. Ke2 Rxf5 27. Nd3 Nh5
28. c5 Ng3+ 0-1

[Event "Championnat de Paris Open Fide"]
[Site "Stade Charléty - 75013 Paris"]
[Date "2015.07.06"]
[Round "3.12"]
[White "Micottis, Dorian"]
[Black "Alfred, Nathan"]
[Result "1/2-1/2"]
[WhiteElo "2235"]
[BlackElo "2276"]
[PlyCount "118"]
[EventDate "2015.??.??"]

1. Nf3 c5 2. e4 d6 3. d4 cxd4 4. Nxd4 Nf6 5. Nc3 a6 6. f4 e6 7. Qf3 Nc6 8. Be3
Qc7 9. Nb3 Bd7 10. g4 h6 11. h4 Nb4 12. Bd3 h5 13. g5 Ng4 14. Bg1 g6 15. Bd4 e5
16. fxe5 dxe5 17. Bg1 Nxd3+ 18. Qxd3 Bb4 19. O-O-O Bxc3 20. bxc3 Bb5 21. Qd6
Qxd6 22. Rxd6 O-O 23. Bb6 Rac8 24. Kb2 Rc4 25. Na5 Rxe4 26. Nxb7 Re2 27. Kb3
Rb8 28. Nc5 Ne3 29. a4 Bc4+ 30. Kb4 Bd5 31. Rc1 Nxc2+ 32. Ka5 Ne3 33. Kxa6 Ra8+
34. Ba7 Rb2 35. Rb6 Bc4+ 36. Kb7 Bd5+ 37. Ka6 Bc4+ 38. Kb7 Bd5+ 39. Ka6 Rxb6+
40. Kxb6 Nc4+ 41. Ka6 Nd6 42. Rd1 Bc4+ 43. Kb6 Nc8+ 44. Kb7 Rxa7+ 45. Kxc8 Ra5
46. Rd8+ Kg7 47. Ne4 Rxa4 48. Nf6 Ra8+ 49. Kc7 Rxd8 50. Kxd8 Bd3 51. Ke7 e4 52.
Nd5 Bc4 53. Ne3 Bb5 54. c4 Ba6 55. c5 Bb5 56. Nd5 Ba4 57. Ne3 Bb5 58. Nd1 Ba4
59. Ne3 Bb5 1/2-1/2

[Event "Championnat de Paris Open Fide"]
[Site "Stade Charléty - 75013 Paris"]
[Date "2015.07.06"]
[Round "3.13"]
[White "Picard, Romain"]
[Black "Pruvot, Louis"]
[Result "1/2-1/2"]
[WhiteElo "2350"]
[BlackElo "2213"]
[PlyCount "113"]
[EventDate "2015.??.??"]

1. e4 c5 2. Nf3 d6 3. d4 Nf6 4. Nc3 cxd4 5. Nxd4 e6 6. Be2 a6 7. a4 Nc6 8. O-O
Qc7 9. Be3 Be7 10. f4 b6 11. Nxc6 Qxc6 12. Bf3 e5 13. Nd5 Bd8 14. Kh1 Be6 15.
c4 O-O 16. b3 a5 17. Nxf6+ Bxf6 18. f5 Bc8 19. Qd2 Qc7 20. Rad1 Rd8 21. Qf2 Rb8
22. g4 h6 23. h4 Qe7 24. g5 hxg5 25. Rg1 gxh4 26. Rg4 Kf8 27. Rdg1 Ke8 28. Bxb6
Qb7 29. c5 dxc5 30. Bxd8 Kxd8 31. Qxc5 Qxb3 32. Rd1+ Ke8 33. Be2 Bd7 34. Rg2 h3
35. Rgg1 Qxa4 36. Bf3 Qb4 37. Qd5 Rd8 38. Bh5 Qe7 39. Qxa5 Bc6 40. Rxd8+ Qxd8
41. Qxd8+ Kxd8 42. Bf3 Ke7 43. Kh2 Kd6 44. Kxh3 Kc5 45. Rc1+ Kd6 46. Kg4 g6 47.
fxg6 fxg6 48. Bg2 Bd7+ 49. Kg3 Bg5 50. Rd1+ Ke7 51. Bh3 Bf4+ 52. Kg2 Bxh3+ 53.
Kxh3 Ke6 54. Kg4 Kf6 55. Ra1 Kf7 56. Ra6 Kg7 57. Kh4 {suite illisible} 1/2-1/2

[Event "Championnat de Paris Open Fide"]
[Site "Stade Charléty - 75013 Paris"]
[Date "2015.07.06"]
[Round "3.14"]
[White "Rodriguez, Adrien"]
[Black "Philippe, Guillaume"]
[Result "0-1"]
[WhiteElo "2274"]
[BlackElo "2309"]
[PlyCount "112"]
[EventDate "2015.??.??"]

1. d4 Nf6 2. Nf3 e6 3. g3 b6 4. Bg2 Bb7 5. c4 Be7 6. O-O O-O 7. d5 exd5 8. Nh4
Ne4 9. cxd5 Bxh4 10. Bxe4 Bf6 11. Bg2 d6 12. Nd2 Re8 13. Ne4 Nd7 14. Nxf6+ Qxf6
15. Rb1 a5 16. Be3 Ba6 17. Re1 Nc5 18. Bd4 Qg6 19. Bf3 Re7 20. Rc1 Rae8 21.
Bxc5 bxc5 22. Qa4 h6 23. Qxa5 Bxe2 24. Qc3 Bxf3 25. Rxe7 Rxe7 26. Qxf3 Qe4 27.
Kg2 Re5 28. Rd1 Qc2 29. Qd3 Re2 30. Qxc2 Rxc2 31. Rb1 Rd2 32. Kf3 Rxd5 33. Ke3
Kf8 34. Rc1 Rd4 35. b3 Rb4 36. Kd3 Ke7 37. Kc3 Kd7 38. Rf1 f5 39. f3 Rb8 40.
Kd3 Re8 41. Rc1 g5 42. f4 gxf4 43. gxf4 Re4 44. Rf1 h5 45. Rf3 h4 46. a4 Kc6
47. Kc3 Kb6 48. Kd3 c6 49. Rf2 d5 50. Rf3 Ka5 51. Kc3 c4 52. bxc4 Rxc4+ 53. Kb3
Rb4+ 54. Kc3 Rxa4 55. Rf1 Rb4 56. Rf2 Rc4+ {suite illisible} 0-1